| 000 | 00979cam a22002773a 4500 | ||
|---|---|---|---|
| 001 | 132 | ||
| 003 | PGUSA | ||
| 005 | 20140828082944.0 | ||
| 008 | 940501s1994||||xxu|||||s|||||000 | eng d | ||
| 040 |
_aPGUSA _beng |
||
| 042 | _adc | ||
| 050 | 4 | _aU | |
| 100 | 1 | _aSunzi, active 6th century B.C. | |
| 245 | 1 | 4 |
_aThe Art of War _h[electronic resource] / _cactive 6th century B.C. Sunzi |
| 260 |
_bProject Gutenberg, _c1994 |
||
| 500 | _aSee Project Gutenberg's eBook #17405 for this same text without the translator's annotations, and an HTML version. See also Wikipedia: http://en.wikipedia.org/wiki/The_Art_of_War | ||
| 506 | _aPublic domain in the USA. | ||
| 516 | _aElectronic text | ||
| 653 | _aWar -- Early works to 1800 | ||
| 653 | _aMilitary art and science -- Early works to 1800 | ||
| 700 | 1 |
_aGiles, Lionel, _d1875-1958 |
|
| 740 | 0 | _aSunzi bing fa. English | |
| 830 | 0 |
_aProject Gutenberg _v132 |
|
| 856 | 4 | 0 | _uhttp://www.gutenberg.org/ebooks/132 |
| 942 | _cEB | ||
| 999 |
_c229503 _d229503 |
||